000 00645nam a2200241 i 4500
001 C2-0242571
003 PPAK
005 20180727204532.0
008 021001s2001 my |||| ||||| | may d
020 _a9836269827
040 _aPPAK
_beng
_cPPAK
_erda
082 0 4 _a899.233
_223
090 0 0 _a899.233
_bTUA
_dG
100 0 _aTuan Faridah Syed Abdullah,
_eauthor
245 1 0 _aSeteguh karang
264 1 _aKuala Lumpur :
_bDewan Bahasa dan Pustaka ,
_c2001
300 _a203 pages ;
_c19 cm
336 _2rdacontent
_atext
337 _2rdamedia
_aunmediated
338 _2rdacarrier
_avolume
650 1 0 _aMalay fiction
942 _ddc
_cB
999 _c57310
_d57310